header

Appropriation as practice (Record no. 94602)

MARC details
000 -LEADER
fixed length control field 01985nam a2200397Ia 4500
100 1# - MAIN ENTRY--AUTHOR NAME
Personal name Schneider, Arnd,
245 10 - TITLE STATEMENT
Title Appropriation as practice
250 ## - EDITION STATEMENT
Edition statement 1st ed.
260 ## - PUBLICATION, DISTRIBUTION, ETC. (IMPRINT)
Place of publication New York :
Name of publisher Palgrave Macmillan,
Year of publication 2006.
300 ## - PHYSICAL DESCRIPTION
Number of Pages xv, 230 p. :
Other physical details ill.
490 1# - SERIES STATEMENT
Series statement Studies of the Americas
500 ## - GENERAL NOTE
General note Revision of the author's thesis (Habilitation)--University of Hamburg, 2004.
520 ## - SUMMARY, ETC.
Summary, etc This book makes a major contribution to the current debate on globalization, and more precisely to the question of how the "traffic in culture" is practiced, rationalized and experienced by visual artists. The book focuses on artistic practices in the appropriation of indigenous cultures, and the construction of new Latin American identities. Appropriation is the fundamental theoretical concept developed to understand these processes.
650 #0 - SUBJECT ADDED ENTRY--TOPICAL TERM
Topical Term Art, Argentine
Topical Term Identity (Psychology) in art.
Topical Term Art and society
Topical Term Indian art
856 40 - ELECTRONIC LOCATION AND ACCESS
Uniform Resource Identifier http://site.ebrary.com/lib/rucke/Doc?id=10150420

No items available.

© 2026 Rongo University
Contact us: librarian | system librarian | Rongo university